000 00597nam a2200241Ia 4500
003 OSt
005 20221005115958.0
006 a|||||r|||| 00| 0
007 ta
008 221004b |||||||| |||| 00| 0 eng d
024 _a70309
037 _cTextual
040 _aCRL
_cCRL
_beng
041 _2eng
_aeng
082 _aY1:1.2.C, F2
100 _aMajumdar Ramesh Chandra
245 0 _aCorporate life in ancient India
250 _a2nd
260 _c1922
650 _aSOCIOLOGY
942 _hY1:1.2.C, F2
_cTEXL
_2cc
999 _c1036437
_d1036437